000 01304nam a22001937a 4500
999 _c59259
_d59259
003 Ge_BSU
005 20221226110312.0
008 221226s1971ge xxu||||| |||| 00| 0 geo d
041 _ageo
080 _a784.4.087.68(479.22) კ-33
100 _aკასრაძე, ქართლოს, ავტორი.
_916573
245 _aტრიუმფით მსოფლიოს გზებზე :
_bნ. რამიშვილისა და ი. სუხიშვილის სიმღერისა და ცეკვის სახელმწ. ანსამბლის გასტროლები /
_cქართლოს კასრაძე ; გ. ნატროშვილის რედაქციითა და წინასიტყვაობით ; მხატვარი თ. სამსონაძე.
264 _aთბილისი :
_b ხელოვნება,
_c1971.
300 _a480 გვ. :
_b78 ფ. ილ. ;
_c22 სმ.
653 _aქართული სიმღერისა და ცეკვის ანსამბლები.
700 _aნატროშვილი, გ
_eრედაქტორი
_916574
700 _aსამსონაძე, თ
_eმხატვარი
_94788
942 _2udc
_cBK